Belum : a rainforest in Malaysia

Bibliographic Details
Main Author: Davison, G. W. H. (Author)
Corporate Author: Malaysian Nature Society
Format: Book
Published: Kuala Lumpur : Malaysian Nature Society , 1995
Subjects:

MARC

LEADER 00000cam a2200000 7i4500
001 0000018607
005 20021119093000.0
008 021119n
020 |a 983968115X 
090 0 0 |a QH86   |b .D29 1995 
100 0 |a Davison, G. W. H. ,   |e author 
245 0 0 |a Belum :   |b a rainforest in Malaysia 
260 2 |a Kuala Lumpur :   |b Malaysian Nature Society ,   |c 1995 
300 |a 200 p. ; ;   |c 27 cm. 
501 |a Includes index 
650 0 |a Rain forests   |z Malaysia 
710 0 0 |a Malaysian Nature Society 
999 |a 1000020527   |b Book   |c Reference   |e Medical Campus